书目信息 |
| 题名: |
盘破门与武术人物
|
|
| 作者: | 姚文俊 , 陈海金 , 向永林 著 | |
| 分册: | ||
| 出版信息: | 香港 中国国际文化出版社 2009.01 |
|
| 页数: | 163页 | |
| 开本: | 21cm | |
| 丛书名: | ||
| 单 册: | ||
| 中图分类: | G85 | |
| 科图分类: | ||
| 主题词: | 武术 , 民族形式体育 | |
| 电子资源: | ||
| ISBN: | ||
| 000 | 00736nam0 2200241 450 | |
| 001 | 1151866261 | |
| 005 | 20111224143539.28 | |
| 010 | @dCNY26.00@z988-97358-2921-3 | |
| 100 | @a20111224d2009 km y0chiy0120 ea | |
| 101 | 0 | @achi |
| 102 | @aCN | |
| 105 | @ay z 000yy | |
| 200 | 1 | @a盘破门与武术人物@Apan po men yu wu shu ren wu@f姚文俊,陈海金,向永林著@Fyao wen jun,chen hai jin,xiang yong lin zhu |
| 210 | @a香港@c中国国际文化出版社@d2009.01 | |
| 215 | @a163页@d21cm | |
| 606 | 0 | @a武术 |
| 606 | 0 | @a民族形式体育 |
| 690 | @aG85@v4 | |
| 701 | 0 | @a姚文俊@Ayao wen jun@4著 |
| 701 | 0 | @a陈海金@Achen hai jin@4著 |
| 701 | 0 | @a向永林@Axiang yong lin@4著 |
| 801 | 0 | @aCN@bZZRC@c20111224 |
| 905 | @a郑州市财税学校图书馆@dG85@eY370@f2 | |
| 盘破门与武术人物/姚文俊,陈海金,向永林著.-香港:中国国际文化出版社,2009.01 |
| 163页;21cm |
| ISBN :CNY26.00 |
| ● |
| 相关链接 |
|
|
|
正题名:盘破门与武术人物
索取号:G85/Y370
 
预约/预借
| 序号 | 登录号 | 条形码 | 馆藏地/架位号 | 状态 | 备注 |
| 1 | 1065214 | 210652140 | 社科库409/409社科库 24排4列1层/ [索取号:G85/Y370] | 在馆 | |
| 2 | 1065215 | 210652159 | 社科库409/409社科库 24排4列1层/ [索取号:G85/Y370] | 在馆 |